SYNCHRO-SERVO FUNDAMENTALS INSTRUCTORS GUIDE FOR MAINTENANCE TRAINING (Record no. 582352)
[ view plain ]
| 000 -LEADER | |
|---|---|
| fixed length control field | 00255nam a22000977a 4500 |
| 082 ## - DEWEY DECIMAL CLASSIFICATION NUMBER | |
| Classification number | 623.8 SYN'C |
| 245 ## - TITLE STATEMENT | |
| Title | SYNCHRO-SERVO FUNDAMENTALS INSTRUCTORS GUIDE FOR MAINTENANCE TRAINING |
| 260 ## - PUBLICATION, DISTRIBUTION, ETC. | |
| Place of publication, distribution, etc. | USA |
| Name of publisher, distributor, etc. | US BUREAU OF NAVY |
| Date of publication, distribution, etc. | 1956 |
| 300 ## - PHYSICAL DESCRIPTION | |
| Extent | 81P |
| 942 ## - ADDED ENTRY ELEMENTS (KOHA) | |
| Koha item type | Book |
| Withdrawn status | Lost status | Damaged status | Not for loan | Permanent Location | Current Location | Shelving location | Date acquired | Total Checkouts | Full call number | Barcode | Date last seen | Price effective from | Koha item type |
|---|---|---|---|---|---|---|---|---|---|---|---|---|---|
| College of Electrical & Mechanical Engineering (CEME) | College of Electrical & Mechanical Engineering (CEME) | General Stacks | 06/05/2017 | 623.8 SYN'C | CEME-10139 | 06/28/2021 | 06/28/2021 | Book | |||||
| College of Electrical & Mechanical Engineering (CEME) | College of Electrical & Mechanical Engineering (CEME) | General Stacks | 06/05/2017 | 623.8 SYN'C | CEME-4839 | 06/28/2021 | 06/28/2021 | Book |
